| 000 | 00000nam##2200000za#4500 |
| 001 | 9.693783 |
| 003 | CaOODSP |
| 005 | 20210624233824 |
| 007 | cr ||||||||||| |
| 008 | 150407|2009||||xxc|||||o f|0| 0 eng|d |
| 020 | |a978-1-100-16779-4 |
| 040 | |aCaOODSP|beng |
| 043 | |an-cn--- |
| 086 | 1 |aV32-219/1-2009E-PDF |
| 110 | 1 |aCanada. |bVeterans Affairs Canada. |
| 245 | 10|aLiterature review of Case Management : |h[electronic resource]|bbasis for further research - executive summary / |c[by] Thompson JM, MacLean MB and Pedlar D. |
| 260 | |aCharlottetown - Prince Edward Island : |bVeterans Affairs Canada |c12 February 2009. |
| 300 | |a3p. |
| 590 | |a12-25-Supp|b2012-06-04 |
| 690 | 07|aResearch|2gcpds |
| 690 | 07|aVeterans|2gcpds |
| 720 | 1 |aThompson, J. M. |
| 720 | 1 |aMacLean, M.B. |
| 720 | 1 |aPedlar, D. |
| 775 | 08|tAnalyse documentaire portant sur la gestion de cas : |w(CaOODSP)9.637973 |
| 856 | 40|ahttp://publications.gc.ca|qPDF|s73 KB|uhttps://publications.gc.ca/collections/collection_2011/acc-vac/V32-219-1-2009-eng.pdf |